Largest Cities in Trentino-South Tyrol - Statistics

General Stats
  • This quiz has been taken 85 times
  • The average score is 6 of 10
Answer Stats
Population City % Correct
107,025 Bolzano
97%
118,509 Trento
94%
40,994 Merano
78%
22,817 Bressanone
63%
39,819 Rovereto
59%
17,079 Brunico
54%
18,311 Laives
38%
17,767 Riva del Garda
38%
17,673 Arco
31%
21,468 Pergine Valsugana
26%
No matching quizzes found
Score Distribution
Percent of People with Each Score
Percentile by Number Answered
Your Score History
You have not taken this quiz